বাংলাদেশ : সমাজ ও রাজনীতি। (Record no. 2809)
[ view plain ]
| 000 -LEADER | |
|---|---|
| fixed length control field | 00528nam a2200157Ia 4500 |
| 008 - FIXED-LENGTH DATA ELEMENTS--GENERAL INFORMATION | |
| fixed length control field | 151213s9999 xx 000 0 und d |
| 100 ## - MAIN ENTRY--PERSONAL NAME | |
| Personal name | আজিজুল হক। |
| 245 ## - TITLE STATEMENT | |
| Title | বাংলাদেশ : সমাজ ও রাজনীতি। |
| Statement of responsibility, etc. | আজিজুল হক। |
| 250 ## - EDITION STATEMENT | |
| Edition statement | ১ম সং |
| 260 ## - PUBLICATION, DISTRIBUTION, ETC. (IMPRINT) | |
| Place of publication, distribution, etc. | ঢাকা |
| Name of publisher, distributor, etc. | ঢাকা কম্পিউটার। |
| Date of publication, distribution, etc. | 1992 |
| 300 ## - PHYSICAL DESCRIPTION | |
| Extent | 4434 p. |
| 650 ## - SUBJECT ADDED ENTRY--TOPICAL TERM | |
| Topical term or geographic name as entry element | Bangla |
| 650 ## - SUBJECT ADDED ENTRY--TOPICAL TERM | |
| Topical term or geographic name as entry element | রাজনীতি |
| 700 ## - ADDED ENTRY--PERSONAL NAME | |
| Personal name | আজিজুল হক। |
No items available.
